1883 1858 1592 1376 1899 1091 1719 1785 1187 1425 1119 1314 1561 1711 1739 1938 1709 1791 1926 1393 1414 1634 1031 1292 1466 1440 1587 1255 1878 1984 1591 1237 1715 1600 1195 1464 1477 1742 1516 1728 1750 1567 1922 1484 1789 1416 1388 1680 1682 1743 1273 1486 1304 1258 1261 1802 1153 1347 1191 1875 1299 1359 1944 1791 1319 1502 1741 1342 1216 1865 1587 1488 1035 1816 1667 1206 1981 1654 1605 1550 1979 1517 1040 1763 1461 1735 1294 1789 1057 1556 1296 1691 1328 1201 1790 1858 1803 1486 1234 BCNSPRNW ULIB Ver.6.0+V

เปลี่ยนเป็นภาษาไทย

Change to English
 แสดงรายละเอียดบรรณานุกรม
  กลับหน้าหลัก

Brief Record : Get Marc (ISO 2709) : E-mail record : QR code < ปิดหน้าต่าง
LEADER : 00000nam 2200000uu 4500
001    13399125140
003     ULIB
008    161019s2558||||th 000 0 tha d
099    ^aวจ.WY18.5^bศ291ป
100 0  ^aศศิธร ชิดนายี
245 00 ^aปัจจัยต่อการเกิดกลุ่มอาการจอภาพคอมพิวเตอร์และความชุกปัญหาทางสายตาของนักศึกษาพยาบาล วิทยาลัยพยาบาลบรมราชชนนี อุตรดิตถ์/^cศศิธร ชิดนายี
260    ^aอุตรดิตถ์ :^bวิทยาลัยพยาบาลบรมราชชนนี อุตรดิตถ์,^c2558
300    ^a42 หน้า :^bตาราง
500    ^aรายงานการวิจัย
710 1  ^aวิทยาลัยพยาบาลบรมราชชนนี อุตรดิตถ์
945    ^p0^l0^i001398
995    ^aณรีรัตน์
999 ^a ณรีรัตน์
รายการนี้ยังไม่มีแท็ก
คุณยังไม่ได้ล็อกอิน คุณสามารถมีกิจกรรมร่วมกับเว็บไซต์ได้ แต่ต้องล็อกอินก่อน ::
  ล็อกอิน

รายการสื่อสารสนเทศ

ลำดับที่ ประเภท เลขเรียก/บาร์โค้ด สถานที่ สถานะ
1. งานวิจัย
งานวิจัย
วจ.WY18.5 ศ291ป ฉ.1 
  Barcode: 001398
ห้องสมุดวิทยาเขตสวรรค์ประชารักษ์
►วิจัย
บนชั้น

รายการใกล้เคียง
    ผู้แต่ง [ศศิธร ชิดนายี]

BibComment


ยังไม่เคยถูกคอมเมนท์

คอมเมนท์ทรัพยากรรายการนี้
  คอมเมนท์: ปัจจัยต่อการเกิด..


 Copyright 2026. Bcnsprnw @Library